Statistics for Malawi Country Quiz

Click here to take the quiz!

General Stats

  • This quiz has been taken 6,457 times
    (6,423 since last reset)
  • The average score is 12 of 16

Answer Stats

Hint Answer % Correct
European country which colonized MalawiUnited Kingdom
93%
Countries bordering MalawiTanzania
92%
Countries bordering MalawiMozambique
91%
Countries bordering MalawiZambia
91%
9.2% of adults have this disease, one of the highest rates in the worldHIV/AIDS
90%
Dominant religionChristianity
89%
How 80% of Malawians earn their livelihoodAgriculture
85%
Controversially, Malawi was the only African country to maintain
relations with this nearby country before 1994
South Africa
80%
The country of Malawi shares its name with a major ____Lake
77%
American pop singer who adopted two children from MalawiMadonna
68%
... which is home to more species of ___ than any otherFish
67%
Capital cityLilongwe
66%
Valley which runs through MalawiGreat {Rift} Valley
63%
Object depicted on the flagRising Sun
57%
39% of Malawi's exports consist of this addictive substanceTobacco
56%
Former name of Malawi{Nyasa}land
32%

Score Distribution

Percentile by Number Answered

Percent of People with Each Score

Your Score History

You have not taken this quiz since the last reset